Rizika podnikání

Salvato in:
Dettagli Bibliografici
Autore principale: Chevalier, Alain
Altri autori: Hirsch, Georges, Eichler, Jan
Natura: Libro
Lingua:ceco
Pubblicazione: Praha Victoria Publ. 1994
Edizione:1. vyd.
Soggetti:
Tags: Aggiungi Tag
Nessun Tag, puoi essere il primo ad aggiungerne!!

MARC

LEADER 00000nam a2200000 4500
001 c005710
005 20221214075401.8
020 |a 80-85865-05-X 
041 0 |a cze 
044 |a CZ 
245 1 0 |a Rizika podnikání  |c Alain Chevalier, Georges Hirsch ; [Z franc. prel.] Jan Eichler 
250 |a 1. vyd. 
264 1 |a Praha  |b Victoria Publ.  |c 1994 
300 |a 137 s. 
610 2 0 |a podnikanie 
610 2 0 |a riziko 
610 2 0 |a risk management 
610 2 0 |a politika podniková 
610 2 0 |a stratégia podniková 
100 1 |a Chevalier, Alain 
700 1 |a Hirsch, Georges 
700 1 |a Eichler, Jan